• 首页
  • 本馆介绍
  • 公告通知
  • 最新文献
  • 馆藏检索
  • 电子资源
  • 读者导购
  • 参考咨询
  • 我的图书馆
  • 登录
  • 详细信息显示
  • 放入我的书架
  • 预约/预借图书
  • 作者相关作品
  • 分类相关作品
  • 丛书相关作品
  • 出版社相关作品

书目信息

  • 表格格式
  • 工作单格式
  • 卡片格式
题名:
纯化学试剂
    
 
作者: 卡尔雅金 , 安捷洛夫 著 ;曹素忱 译
分册:  
出版信息: 北京   高等教育出版社  1989.6
页数: 592页
开本: 21cm
丛书名:
单 册:
中图分类: TQ420.1
科图分类:
主题词: 化学试剂--生产 , 高纯物质--生产
电子资源:
ISBN: 7-04-002340-7
000 00849nam0 2200241 45
001 0181011317
005 20060531152731.26
010    @a7-04-002340-7@dCNY6.65
100    @a20810111d km y0chiy0120 ea
101 0  @achi
102    @aCN@b110000
200 1  @a纯化学试剂@Achun hua xue shi ji@e无机试剂和制剂实验室制备指南@f(苏)Ю·В·卡尔雅金,И·И·安捷洛夫著@F(su)Ю·В·ka er ya jin,И·И·an jie luo fu zhu@g曹素忱等译
210    @a北京@c高等教育出版社@d1989.6
215    @a592页@d21cm
517 1  @a无机试剂和制剂实验室制备指南@Awu ji shi ji he zhi ji shi yan shi zhi bei zhi nan
606 0  @a化学试剂@x生产
606 0  @a高纯物质@x生产
690    @aTQ420.1
701 0  @a卡尔雅金@Aka er ya jin@4著
701  0 @a安捷洛夫@Aan jie luo fu@4著
702 0  @a曹素忱@4译
801    @aCN@bTSTC@c20060531
905    @dTQ420.1@e8=2@f2@b226762-63
    
    纯化学试剂:无机试剂和制剂实验室制备指南/(苏)Ю·В·卡尔雅金,И·И·安捷洛夫著/曹素忱等译.-北京:高等教育出版社,1989.6
    592页;21cm
    
    
    ISBN 7-04-002340-7:CNY6.65
    
●
相关链接 在E读中查询图书 在五车中查询图书 在当当中查询图书 在豆瓣中查询图书


正题名:纯化学试剂     索取号:TQ420.1/8=2         预约/预借

序号 登录号 条形码 馆藏地/架位号 状态 备注
1 0226762   202190486   密集书库/ [索取号:TQ420.1/8=2] 在馆    
2 0226763   001647560   第二样本阅览室/ [索取号:TQ420.1/8=2] 在馆    
唐山师范学院图书馆 欢迎您!
大连网信软件有限公司© 版权所有